[Event "Bundesliga 0102"]
[Site "Deutschland"]
[Date "2002.02.23"]
[Round "8.7"]
[White "Hector, Jonny"]
[Black "Casper, Thomas"]
[Result "1-0"]
[BlackElo "2409"]
[BlackTeam "Erfurter SK"]
[BlackTeamCountry "GER"]
[EventCountry "GER"]
[EventDate "2001.10.06"]
[EventRounds "15"]
[EventType "team"]
[PlyCount "81"]
[Source "DeepChess"]
[SourceDate "2005.01.01"]
[WhiteElo "2552"]
[WhiteTeam "Luebecker SV von 1873 "]
[WhiteTeamCountry "GER"]

1. e4 e6 2. d4 d5 3. Nc3 Bb4 4. Ne2 dxe4 5. a3 Bxc3+ 6. Nxc3 Nc6 7. Bb5 Ne7 8. Bg5 f6 9. Be3 O-O 10. Qd2 a6 11. Bxc6 Nxc6 12. O-O-O b6 13. Nxe4 Bb7 14. f3 Qd7 15. Rhe1 Rad8 16. Bf2 Qf7 17. Qe2 Rd7 18. Nc3 Rfd8 19. Qxe6 Nxd4 20. Bxd4 Rxd4 21. Rxd4 Rxd4 22. Qe8+ Qxe8 23. Rxe8+ Kf7 24. Rh8 h6 25. b4 Rd7 26. a4 Ke6 27. a5 c5 28. Na4 cxb4 29. Nxb6 Rc7 30. Rd8 g5 31. Kb2 h5 32. Re8+ Kf5 33. Re2 h4 34. Kb3 h3 35. gxh3 Rc3+ 36. Kxb4 Rxf3 37. Nc4 Kf4 38. Nd6 Bd5 39. c4 Bc6 40. Kc5 Ba4 41. Re4#  1-0

[Event "Bundesliga 0102"]
[Site "Deutschland"]
[Date "2002.02.23"]
[Round "8.5"]
[White "Berg, Emanuel"]
[Black "Kindermann, Stefan"]
[Result "1-0"]
[BlackElo "2520"]
[BlackTeam "SK Koenig Plauen"]
[BlackTeamCountry "GER"]
[EventCountry "GER"]
[EventDate "2001.10.06"]
[EventRounds "15"]
[EventType "team"]
[PlyCount "71"]
[Source "DeepChess"]
[SourceDate "2005.01.01"]
[WhiteElo "2496"]
[WhiteTeam "Hamburger SK 1830 e.V."]
[WhiteTeamCountry "GER"]

1. e4 e6 2. d4 d5 3. Nc3 Bb4 4. Ne2 Nc6 5. a3 Ba5 6. Be3 Nf6 7. e5 Ng4 8. Nf4 Nxe3 9. fxe3 Qh4+ 10. g3 Qg5 11. Qf3 f6 12. h4 Qh6 13. g4 O-O 14. Bd3 fxe5 15. g5 Rxf4 16. exf4 e4 17. gxh6 exf3 18. Rg1 g6 19. h5 f2+ 20. Kxf2 Bb6 21. hxg6 Bxd4+ 22. Ke2 Bxg1 23. gxh7+ Kh8 24. Rxg1 Bd7 25. Rg7 Rd8 26. Nb5 e5 27. fxe5 Nxe5 28. Nxc7 Nxd3 29. Kxd3 Bf5+ 30. Kd4 Rd6 31. Nxd5 Bxc2 32. Rxb7 Rxh6 33. Rxa7 Bb3 34. Rb7 Rh4+ 35. Kc5 Bxd5 36. Rb8+  1-0

[Event "Bundesliga 0102"]
[Site "Deutschland"]
[Date "2002.02.23"]
[Round "8.2"]
[White "Rozentalis, Eduardas"]
[Black "Babula, Vlastimil"]
[Result "1-0"]
[BlackElo "2566"]
[BlackTeam "SAbt SV Werder Bremen"]
[BlackTeamCountry "GER"]
[EventCountry "GER"]
[EventDate "2001.10.06"]
[EventRounds "15"]
[EventType "team"]
[PlyCount "91"]
[Source "DeepChess"]
[SourceDate "2005.01.01"]
[WhiteElo "2588"]
[WhiteTeam "SV Castrop Rauxel 1923"]
[WhiteTeamCountry "GER"]

1. e4 c5 2. c3 d5 3. exd5 Qxd5 4. d4 Nf6 5. Nf3 Bg4 6. dxc5 Qxd1+ 7. Kxd1 e5 8. b4 e4 9. h3 Bh5 10. g4 Nxg4 11. hxg4 Bxg4 12. Nd2 Nc6 13. Rh4 Bxf3+ 14. Nxf3 exf3 15. Re4+ Be7 16. Kc2 a6 17. Bf4 Kf8 18. Rae1 h5 19. a4 g5 20. Bh2 Bf6 21. b5 axb5 22. axb5 Nd8 23. Re8+ Kg7 24. Rxh8 Kxh8 25. Re8+ Kg7 26. c6 bxc6 27. bxc6 Ra2+ 28. Kb3 Rxf2 29. c7 Rxf1 30. Be5 Ne6 31. Bxf6+ Kxf6 32. c8=Q f2 33. Rxe6+ fxe6 34. Qd8+ Kf7 35. Qd3 Ra1 36. Qf3+ Kg6 37. Qxf2 h4 38. c4 Ra8 39. Qe2 Kf6 40. Qe3 Kg6 41. Qd3+ Kh6 42. Qd6 Re8 43. Qd7 Rf8 44. Qxe6+ Kh5 45. c5 g4 46. c6  1-0

[Event "Bundesliga 0102"]
[Site "Deutschland"]
[Date "2002.02.23"]
[Round "8.3"]
[White "Brynell, Stellan"]
[Black "Vaganian, Rafael A"]
[Result "1/2-1/2"]
[BlackElo "2650"]
[BlackTeam "SG Porz e.V."]
[BlackTeamCountry "GER"]
[EventCountry "GER"]
[EventDate "2001.10.06"]
[EventRounds "15"]
[EventType "team"]
[PlyCount "45"]
[Source "DeepChess"]
[SourceDate "2005.01.01"]
[WhiteElo "2486"]
[WhiteTeam "SF Neukoelln 03 e.V."]
[WhiteTeamCountry "GER"]

1. e4 e6 2. d4 d5 3. Nd2 c5 4. exd5 exd5 5. Ngf3 Nc6 6. Bb5 Bd6 7. dxc5 Bxc5 8. O-O Ne7 9. Nb3 Bd6 10. Re1 O-O 11. Bg5 Bg4 12. Be2 Re8 13. c3 h6 14. Bh4 Qb6 15. Nfd4 Bxe2 16. Rxe2 Nxd4 17. Nxd4 Nc6 18. Nf5 Bf8 19. Nxh6+ gxh6 20. Rxe8 Rxe8 21. Qg4+ Kh7 22. Qf5+ Kg8 23. Qg4+  1/2-1/2

[Event "Bundesliga 0102"]
[Site "Deutschland"]
[Date "2002.02.23"]
[Round "8.1"]
[White "Khenkin, Igor"]
[Black "Kasimdzhanov, Rustam"]
[Result "1-0"]
[BlackElo "2704"]
[BlackTeam "SG 1868 Aljech. Solingen"]
[BlackTeamCountry "GER"]
[EventCountry "GER"]
[EventDate "2001.10.06"]
[EventRounds "15"]
[EventType "team"]
[PlyCount "79"]
[Source "DeepChess"]
[SourceDate "2005.01.01"]
[WhiteElo "2579"]
[WhiteTeam "TV Tegernsee"]
[WhiteTeamCountry "GER"]

1. d4 Nf6 2. c4 e6 3. Nc3 Bb4 4. e3 O-O 5. Bd3 d5 6. cxd5 exd5 7. Ne2 c5 8. O-O Nc6 9. a3 cxd4 10. axb4 dxc3 11. b5 Ne5 12. Nxc3 Bg4 13. Be2 Bxe2 14. Qxe2 Qc7 15. Rd1 Rfd8 16. h3 Ng6 17. Ra4 Nf8 18. Bd2 Ne6 19. Be1 Rd7 20. f3 b6 21. Bh4 g5 22. Bf2 Re8 23. Qc2 Qe5 24. f4 gxf4 25. exf4 Qh5 26. f5 Nc5 27. Rad4 Nce4 28. Nxe4 Nxe4 29. Rxd5 Rxd5 30. Rxd5 Qg5 31. Qc6 Kf8 32. Bd4 Qg3 33. Qh6+ Kg8 34. Qe3 Qxe3+ 35. Bxe3 Ng3 36. Kf2 Nh5 37. Rd7 Nf6 38. Rxa7 Nd5 39. Bd4 f6 40. Kf3  1-0

[Event "Bundesliga 0102"]
[Site "Deutschland"]
[Date "2002.02.24"]
[Round "9.7"]
[White "Poldauf, Dirk"]
[Black "Jackelen, Thomas"]
[Result "0-1"]
[BlackElo "2392"]
[BlackTeam "Godesberger SK 1929"]
[BlackTeamCountry "GER"]
[EventCountry "GER"]
[EventDate "2001.10.06"]
[EventRounds "15"]
[EventType "team"]
[PlyCount "166"]
[Source "DeepChess"]
[SourceDate "2005.01.01"]
[WhiteElo "2403"]
[WhiteTeam "SF Neukoelln 03 e.V."]
[WhiteTeamCountry "GER"]

1. c4 b6 2. Nc3 Bb7 3. e4 e6 4. Nge2 Nf6 5. d3 c5 6. g3 d5 7. exd5 exd5 8. Bg2 Qd7 9. O-O d4 10. Ne4 Nxe4 11. dxe4 Bd6 12. Bd2 O-O 13. Nc1 f5 14. Re1 Qe6 15. Nd3 Re8 16. f3 fxe4 17. fxe4 Nd7 18. Bf4 Bxf4 19. gxf4 Qg6 20. Qf3 Re7 21. Qg3 Qf7 22. e5 Bxg2 23. Qxg2 Rae8 24. Qd5 Re6 25. Kh1 Nf8 26. Qe4 Rh6 27. Rac1 g6 28. b4 Ne6 29. bxc5 bxc5 30. Rb1 Rh3 31. Rb7 Re7 32. Rxe7 Qxe7 33. f5 gxf5 34. Qg2+ Ng5 35. Nf4 Rh4 36. Nd5 Qg7 37. Nf6+ Kf7 38. Qd5+ Kg6 39. Qc6 Qf7 40. Nd7+ Kg7 41. Nxc5 d3 42. Rg1 Rxh2+ 43. Kxh2 Qh5+ 44. Kg2 Qg4+ 45. Kf2 Qe2+ 46. Kg3 Qg4+ 47. Kf2 Nh3+ 48. Ke3 Qxg1+ 49. Kxd3 Nf4+ 50. Kc3 Qe1+ 51. Kb3 Qe3+ 52. Ka4 Qxe5 53. Qd7+ Kg6 54. Qxa7 h5 55. Nd7 Qd6 56. c5 Qd4+ 57. Kb5 h4 58. Nf8+ Kg5 59. Qe7+ Kg4 60. c6 Qd3+ 61. Ka5 Qc3+ 62. Kb5 h3 63. Nd7 h2 64. Ne5+ Kh3 65. Qh7+ Kg2 66. Qg7+ Kf1 67. Qh8 Kg1 68. Qg7+ Ng2 69. c7 h1=Q 70. Nf3+ Qxf3 71. c8=Q Qd5+ 72. Kb6 Qd6+ 73. Kb5 Qh3 74. Qc1+ Kh2 75. Qc4 Qb8+ 76. Ka4 Qh5 77. Qd7 f4 78. Qd2 Qhe8+ 79. Ka3 Qe7+ 80. Ka4 Qea7+ 81. Qa5 Qe8+ 82. Qb5 Qxb5+ 83. Kxb5 Qxa5+  0-1

[Event "Bundesliga 0102"]
[Site "Deutschland"]
[Date "2002.02.24"]
[Round "9.3"]
[White "Gdanski, Jacek"]
[Black "Hodgson, Julian M"]
[Result "0-1"]
[BlackElo "2581"]
[BlackTeam "Luebecker SV von 1873 "]
[BlackTeamCountry "GER"]
[EventCountry "GER"]
[EventDate "2001.10.06"]
[EventRounds "15"]
[EventType "team"]
[PlyCount "150"]
[Source "DeepChess"]
[SourceDate "2005.01.01"]
[WhiteElo "2537"]
[WhiteTeam "SK Koenig Plauen"]
[WhiteTeamCountry "GER"]

1. e4 d5 2. exd5 Qxd5 3. Nc3 Qa5 4. d4 Nf6 5. Bc4 Bg4 6. f3 Bh5 7. Ne2 Nc6 8. Bd2 O-O-O 9. Nd5 Qa4 10. Nxf6 gxf6 11. b3 Qa3 12. c3 Qd6 13. Ng3 Bg6 14. Ne4 Qd7 15. O-O f5 16. Nc5 Qd6 17. f4 Nxd4 18. cxd4 Qxd4+ 19. Kh1 Qxc5 20. Qe1 e6 21. Rc1 Qa3 22. Bc3 Rg8 23. Bxe6+ Kb8 24. Bc4 Bc5 25. Rc2 Bh5 26. Qh4 Bd1 27. Rd2 Rxd2 28. Bxd2 Bc2 29. Bxf7 Rf8 30. Bd5 Qxa2 31. Qh3 Be4 32. Bxe4 fxe4 33. Qc3 Rd8 34. Be3 Bxe3 35. Qxe3 Qc2 36. Re1 Rd1 37. h3 Qb1 38. Rxd1 Qxd1+ 39. Kh2 Qd3 40. Qc5 b6 41. Qe5 e3 42. f5 a5 43. f6 Qg6 44. Qxe3 Qxf6 45. g4 Qd6+ 46. Kg2 Qd5+ 47. Kf2 b5 48. Ke2 Kb7 49. g5 a4 50. bxa4 bxa4 51. Qf4 Qb5+ 52. Kd2 Qb2+ 53. Kd1 a3 54. Qe4+ Kb8 55. Qe8+ Ka7 56. Qe3+ Ka6 57. Qd3+ Kb6 58. Qe3+ c5 59. Qe8 Qd4+ 60. Kc2 Qf2+ 61. Kd3 Qd4+ 62. Kc2 Qf2+ 63. Kd3 Qg3+ 64. Kc2 Qg2+ 65. Kd1 a2 66. Qd8+ Kb5 67. Qb8+ Kc4 68. Qf4+ Kd5 69. Qf5+ Kd4 70. Qf4+ Kd3 71. Qd6+ Ke4 72. Qe6+ Kf4 73. Qc4+ Kg3 74. Qg4+ Kh2 75. Qf4+ Kh1  0-1

[Event "Bundesliga 0102"]
[Site "Deutschland"]
[Date "2002.02.24"]
[Round "9.3"]
[White "Rustemov, Alexander"]
[Black "Schandorff, Lars"]
[Result "1/2-1/2"]
[BlackElo "2551"]
[BlackTeam "SAbt SV Werder Bremen"]
[BlackTeamCountry "GER"]
[EventCountry "GER"]
[EventDate "2001.10.06"]
[EventRounds "15"]
[EventType "team"]
[PlyCount "35"]
[Source "DeepChess"]
[SourceDate "2005.01.01"]
[WhiteElo "2607"]
[WhiteTeam "SV Wattenscheid 1930"]
[WhiteTeamCountry "GER"]

1. d4 Nf6 2. c4 e6 3. Nc3 Bb4 4. e3 O-O 5. Bd3 c5 6. Ne2 d5 7. cxd5 cxd4 8. exd4 Nxd5 9. O-O Nc6 10. Bc2 Bd6 11. Ne4 Be7 12. a3 Qc7 13. Qd3 Re8 14. N4c3 g6 15. Bh6 Nxc3 16. Qxc3 e5 17. dxe5 Qxe5 18. Rfe1  1/2-1/2

[Event "Bundesliga 0102"]
[Site "Deutschland"]
[Date "2002.02.24"]
[Round "9.6"]
[White "Von Buelow, Georg"]
[Black "Hoffmann, Michael"]
[Result "1-0"]
[BlackElo "2448"]
[BlackTeam "SV Castrop Rauxel 1923"]
[BlackTeamCountry "GER"]
[EventCountry "GER"]
[EventDate "2001.10.06"]
[EventRounds "15"]
[EventType "team"]
[PlyCount "97"]
[Source "DeepChess"]
[SourceDate "2005.01.01"]
[WhiteElo "2298"]
[WhiteTeam "SC Koenigsspringer 1984 Hamburg"]
[WhiteTeamCountry "GER"]

1. e4 c5 2. Nf3 Nc6 3. d4 cxd4 4. Nxd4 Qc7 5. Nb5 Qb8 6. c4 Nf6 7. N5c3 b6 8. Be3 Bb7 9. Be2 e6 10. O-O Bc5 11. Qd2 O-O 12. Kh1 Ne7 13. f3 d5 14. exd5 exd5 15. Bxc5 bxc5 16. Qe3 Nf5 17. Qxc5 Re8 18. Bd3 Ne3 19. Re1 Qf4 20. Ne2 Qg5 21. g3 Qh5 22. Nd4 Nfg4 23. Re2 Nf1 24. Kg1 Rxe2 25. Nxe2 Qxh2+ 26. Kxf1 Ne5 27. Qe3 Nxd3 28. Qxd3 dxc4 29. Qe3 c3 30. Nbxc3 Qh1+ 31. Ng1 Ba6+ 32. Ne2 Bb5 33. Re1 Re8 34. Qf2 a5 35. b3 h6 36. a4 Ba6 37. Qg2 Qh5 38. Qh3 Qd5 39. Kf2 Qxb3 40. Qd7 Qb6+ 41. Kg2 Re6 42. Qd2 Rd6 43. Qc3 Rd3 44. Qc2 Qd8 45. Rb1 g6 46. Rb2 Qf6 47. Rb8+ Kh7 48. Qc5 Rd2 49. Rb6  1-0

[Event "Bundesliga 0102"]
[Site "Deutschland"]
[Date "2002.03.16"]
[Round "10.6"]
[White "Breder, Dennis"]
[Black "Casper, Thomas"]
[Result "0-1"]
[BlackElo "2409"]
[BlackTeam "Erfurter SK"]
[BlackTeamCountry "GER"]
[EventCountry "GER"]
[EventDate "2001.10.06"]
[EventRounds "15"]
[EventType "team"]
[PlyCount "82"]
[Source "DeepChess"]
[SourceDate "2005.01.01"]
[WhiteElo "2411"]
[WhiteTeam "Godesberger SK 1929"]
[WhiteTeamCountry "GER"]

1. e4 e6 2. d4 d5 3. Nd2 c5 4. Ngf3 Nc6 5. exd5 exd5 6. Bb5 Bd6 7. dxc5 Bxc5 8. O-O Ne7 9. Nb3 Bb6 10. Re1 O-O 11. Be3 Bxe3 12. Rxe3 Bg4 13. h3 Bh5 14. Qd2 Bxf3 15. Rxf3 Qb6 16. Bxc6 bxc6 17. Re1 Ng6 18. Qc3 Rab8 19. Rfe3 f6 20. Kh1 Rfd8 21. Re6 Qxf2 22. Rxc6 Ne5 23. Rc7 d4 24. Qa5 Rb5 25. Qxb5 Qxe1+ 26. Kh2 Nf3+ 27. gxf3 Qf2+ 28. Kh1 Qxf3+ 29. Kh2 Qf4+ 30. Kg2 Qxc7 31. Nc5 Qe5 32. Qc4+ Qd5+ 33. Qxd5+ Rxd5 34. Nd3 g5 35. Kf3 f5 36. Ke2 Kf7 37. Nb4 Rb5 38. a3 a5 39. Nd3 Ke6 40. a4 Rb8 41. Nc5+ Kd5  0-1

[Event "Bundesliga 0102"]
[Site "Deutschland"]
[Date "2002.03.16"]
[Round "10.1"]
[White "Aronian, Levon"]
[Black "Khenkin, Igor"]
[Result "1-0"]
[BlackElo "2579"]
[BlackTeam "TV Tegernsee"]
[BlackTeamCountry "GER"]
[EventCountry "GER"]
[EventDate "2001.10.06"]
[EventRounds "15"]
[EventType "team"]
[PlyCount "51"]
[Source "DeepChess"]
[SourceDate "2005.01.01"]
[WhiteElo "2562"]
[WhiteTeam "SV Wattenscheid 1930"]
[WhiteTeamCountry "GER"]

1. e4 c6 2. d3 d5 3. Nd2 g6 4. Ngf3 Bg7 5. g3 e5 6. Bg2 Ne7 7. O-O O-O 8. b4 Na6 9. a3 Nc7 10. Bb2 f6 11. Re1 b6 12. d4 dxe4 13. Rxe4 f5 14. Rxe5 Bxe5 15. Nxe5 Bb7 16. c4 Rb8 17. Qb3 Ne8 18. c5+ Nd5 19. b5 Nf6 20. bxc6 Ba8 21. Qa2 Kg7 22. Ndc4 Qc7 23. Rc1 bxc5 24. dxc5 Kh6 25. Nd6 Ne7 26. Nef7+  1-0

[Event "Bundesliga 0102"]
[Site "Deutschland"]
[Date "2002.04.14"]
[Round "13.6"]
[White "Emms, John M"]
[Black "Casper, Thomas"]
[Result "1-0"]
[BlackElo "2409"]
[BlackTeam "Erfurter SK"]
[BlackTeamCountry "GER"]
[EventCountry "GER"]
[EventDate "2001.10.06"]
[EventRounds "15"]
[EventType "team"]
[PlyCount "67"]
[Source "DeepChess"]
[SourceDate "2005.01.01"]
[WhiteElo "2532"]
[WhiteTeam "SG 1868 Aljech. Solingen"]
[WhiteTeamCountry "GER"]

1. e4 e6 2. d4 d5 3. Nd2 c5 4. exd5 exd5 5. Ngf3 Nc6 6. Bb5 Bd6 7. dxc5 Bxc5 8. O-O Ne7 9. Nb3 Bb6 10. Re1 O-O 11. Be3 Bxe3 12. Rxe3 Bg4 13. h3 Bh5 14. Qd2 Bxf3 15. Rxf3 Qb6 16. a4 Ne5 17. Re3 f6 18. Rae1 Rfd8 19. Nd4 a6 20. Bf1 N7c6 21. Nxc6 Qxc6 22. a5 Qc5 23. b4 Qc7 24. c3 Rd7 25. Rd1 Rad8 26. Qd4 Nc6 27. Qg4 Re7 28. Rxe7 Qxe7 29. g3 Qe5 30. Bg2 g6 31. Qf4 Qxc3 32. Rxd5 Rf8 33. Rd7 Rf7 34. Bd5  1-0

[Event "Bundesliga 0102"]
[Site "Deutschland"]
[Date "2002.04.14"]
[Round "13.2"]
[White "Schandorff, Lars"]
[Black "Kengis, Edvins"]
[Result "1/2-1/2"]
[BlackElo "2572"]
[BlackTeam "Godesberger SK 1929"]
[BlackTeamCountry "GER"]
[EventCountry "GER"]
[EventDate "2001.10.06"]
[EventRounds "15"]
[EventType "team"]
[PlyCount "72"]
[Source "DeepChess"]
[SourceDate "2005.01.01"]
[WhiteElo "2551"]
[WhiteTeam "SAbt SV Werder Bremen"]
[WhiteTeamCountry "GER"]

1. d4 e6 2. g3 c5 3. Nf3 Qa5+ 4. Nbd2 cxd4 5. Nxd4 Nc6 6. Nb3 Qc7 7. Bg2 Nf6 8. O-O Be7 9. e3 O-O 10. c4 b6 11. Nd4 Bb7 12. Nb5 Qb8 13. b3 a6 14. Nc3 Ne5 15. Qe2 Bxg2 16. Kxg2 Qb7+ 17. Kg1 d5 18. cxd5 Nxd5 19. Bb2 Nb4 20. Rad1 Rfd8 21. f4 Ned3 22. Ba1 Rac8 23. Ndb1 Nc5 24. Rd4 Rxd4 25. exd4 Nd7 26. f5 Bf6 27. Ne4 Qd5 28. Nxf6+ Nxf6 29. fxe6 Qxe6 30. Qxe6 fxe6 31. Nc3 Nbd5 32. Nxd5 Nxd5 33. Bb2 Rc2 34. Rf2 Rxf2 35. Kxf2 Nb4 36. Ba3 Nd5  1/2-1/2

[Event "Bundesliga 0102"]
[Site "Deutschland"]
[Date "2002.04.14"]
[Round "13.3"]
[White "Markowski, Tomasz"]
[Black "Berkvens, Joost"]
[Result "1/2-1/2"]
[BlackElo "2444"]
[BlackTeam "SGEM Heiligenhaus 1937 e. V."]
[BlackTeamCountry "GER"]
[EventCountry "GER"]
[EventDate "2001.10.06"]
[EventRounds "15"]
[EventType "team"]
[PlyCount "73"]
[Source "DeepChess"]
[SourceDate "2005.01.01"]
[WhiteElo "2548"]
[WhiteTeam "SK Koenig Plauen"]
[WhiteTeamCountry "GER"]

1. g3 Nf6 2. Bg2 e5 3. c4 c6 4. Nc3 d5 5. d4 exd4 6. Qxd4 Be6 7. cxd5 cxd5 8. Bg5 Nc6 9. Qa4 Bb4 10. e3 h6 11. Bxf6 Qxf6 12. Ne2 O-O 13. O-O Rad8 14. Rad1 Bxc3 15. Nxc3 d4 16. exd4 Nxd4 17. Qxa7 Nf3+ 18. Bxf3 Qxf3 19. Qe3 Bg4 20. Rxd8 Rxd8 21. Re1 g5 22. a4 Qxe3 23. Rxe3 Bh3 24. f3 Rd4 25. Re4 Rd2 26. Re2 Rd4 27. Kf2 Bd7 28. Ke3 Rb4 29. a5 Bc6 30. Rd2 Kg7 31. f4 gxf4+ 32. gxf4 h5 33. h4 Kh7 34. Rd6 Rxb2 35. a6 Rb3 36. Kd4 Kg7 37. axb7  1/2-1/2

[Event "Bundesliga 0102"]
[Site "Deutschland"]
[Date "2002.04.28"]
[Round "15.3"]
[White "Berkvens, Joost"]
[Black "Hall, Jesper"]
[Result "1/2-1/2"]
[BlackElo "2501"]
[BlackTeam "SV Wattenscheid 1930"]
[BlackTeamCountry "GER"]
[EventCountry "GER"]
[EventDate "2001.10.06"]
[EventRounds "15"]
[EventType "team"]
[PlyCount "45"]
[Source "DeepChess"]
[SourceDate "2005.01.01"]
[WhiteElo "2444"]
[WhiteTeam "SGEM Heiligenhaus 1937 e. V."]
[WhiteTeamCountry "GER"]

1. d4 Nf6 2. c4 e6 3. Nc3 Bb4 4. e3 c5 5. Ne2 cxd4 6. exd4 d5 7. a3 Be7 8. Nf4 Nc6 9. Be3 O-O 10. cxd5 Nxd5 11. Ncxd5 exd5 12. Bd3 Bf6 13. O-O g6 14. Rc1 Qd6 15. Qf3 Ne7 16. Bb1 Rd8 17. Rc5 b6 18. Nxd5 Nxd5 19. Rxd5 Qxd5 20. Be4 Qe6 21. Bxa8 Bxd4 22. Rd1 Bf6 23. Rxd8+  1/2-1/2

[Event "Solingen - Stuttgart"]
[Site "BL 0203"]
[Date "2002.10.20"]
[Round "2.7"]
[White "Bunzmann, Dimitri"]
[Black "Sandipan, Chanda"]
[Result "1-0"]
[BlackElo "2510"]
[EventDate "2002.??.??"]
[PlyCount "119"]
[WhiteElo "2498"]

1. d4 d5 2. c4 e6 3. Nc3 c6 4. e4 Bb4 5. exd5 exd5 6. Bd3 Nf6 7. h3 Be6 8. c5 b6 9. cxb6 axb6 10. Ne2 O-O 11. O-O h6 12. Bf4 Qc8 13. Na4 Nbd7 14. Rc1 Qb7 15. Bb1 Be7 16. Nac3 Rfc8 17. Be5 Nf8 18. Ng3 N6d7 19. Bf4 Ng6 20. Be3 Nf6 21. Nf5 Bf8 22. Qf3 Bxf5 23. Qxf5 Qd7 24. Qxd7 Nxd7 25. a3 Bd6 26. Bf5 Rd8 27. Ne2 Ne7 28. Bb1 b5 29. Ng3 Bxg3 30. fxg3 Nb6 31. Bd2 Nc4 32. Bb4 Rd7 33. Rfe1 Kf8 34. Bf5 Rc7 35. b3 c5 36. Bxc5 Rxc5 37. Rxe7 Rc6 38. Rd7 Ne5 39. Rxc6 Nxc6 40. Rxd5 Rxa3 41. Bd7 Nb4 42. Rxb5 Nc2 43. d5 Nd4 44. Rb4 Ke7 45. Rxd4 Kxd7 46. Rb4 Kd6 47. Rb7 f5 48. Rxg7 Rxb3 49. g4 f4 50. Rf7 Ke5 51. d6 Rd3 52. d7 Rd4 53. Kf2 Rd2+ 54. Ke1 Rd4 55. Ke2 Rd6 56. Rh7 Rd4 57. Rxh6 Rxd7 58. Rh5+ Ke4 59. Rh8 Re7 60. Ra8  1-0

[Event "Neukoelln - Erfurt"]
[Site "BL 0203"]
[Date "2002.10.20"]
[Round "2.4"]
[White "Brynell, Stellan"]
[Black "Casper, Thomas"]
[Result "1/2-1/2"]
[BlackElo "2391"]
[EventDate "2002.??.??"]
[PlyCount "87"]
[WhiteElo "2524"]

1. e4 e6 2. d4 d5 3. Nd2 c5 4. exd5 exd5 5. Ngf3 Nc6 6. Bb5 Bd6 7. dxc5 Bxc5 8. O-O Ne7 9. Nb3 Bb6 10. Re1 O-O 11. Be3 Bf5 12. c3 Be4 13. Bd3 Bxe3 14. Rxe3 Nf5 15. Re1 Re8 16. Qc2 Nd6 17. Nbd2 Qb6 18. Ng5 f5 19. Rad1 Ne5 20. Ndxe4 dxe4 21. Bf1 Rad8 22. Rd4 Ndf7 23. Nxf7 Nxf7 24. Red1 Rxd4 25. Rxd4 Ne5 26. h3 h6 27. Qd2 Qg6 28. Kh1 Qg5 29. Qd1 Kh7 30. Rd5 Qf4 31. Qd4 Re6 32. Qe3 Qxe3 33. fxe3 Kg6 34. Kg1 Kf6 35. Rb5 Re7 36. Ra5 b6 37. Rd5 Rd7 38. Rd4 Ke7 39. Kf2 g5 40. Be2 Ke6 41. Ba6 Rxd4 42. exd4 Ng6 43. g3 f4 44. Bb7  1/2-1/2

[Event "Luebeck - Erfurt"]
[Site "BL 0203"]
[Date "2002.11.16"]
[Round "3.6"]
[White "Conquest, Stuart"]
[Black "Brueggemann, Joachim"]
[Result "1/2-1/2"]
[BlackElo "2412"]
[EventDate "2002.??.??"]
[PlyCount "262"]
[WhiteElo "2537"]

1. d4 Nf6 2. c4 e6 3. Nc3 Bb4 4. e3 d6 5. Ne2 O-O 6. a3 Bxc3+ 7. Nxc3 e5 8. Be2 a5 9. O-O Nc6 10. b3 Re8 11. d5 Ne7 12. Bb2 Ng6 13. Rc1 b6 14. b4 axb4 15. axb4 Bd7 16. f3 h6 17. Qd2 Qe7 18. Kh1 Nh7 19. Bd3 Nhf8 20. Qc2 Qh4 21. g3 Qd8 22. Rce1 Qc8 23. e4 Nh7 24. Nd1 c5 25. b5 Qd8 26. Ne3 Nf6 27. Ra1 Qc7 28. Qc3 Qb7 29. Rae1 Qa7 30. Qc1 Qa5 31. Bc3 Qa3 32. Qd2 Qa7 33. Rg1 Nh7 34. f4 Qc7 35. Ref1 Ra7 36. h4 f6 37. Rf2 Rea8 38. Bb1 Ra4 39. Qd1 Ra3 40. Bd2 Qd8 41. Bc1 R3a4 42. Bd3 Nhf8 43. Rfg2 Qe7 44. Nc2 Nh7 45. Rh2 Nh8 46. Qh5 Nf7 47. Rf2 Be8 48. Qd1 Bd7 49. Ne1 Ra1 50. Nc2 R1a2 51. Bd2 Kf8 52. Bc3 Ke8 53. Qh5 Nf8 54. Rff1 Kd8 55. Ne3 R2a3 56. Rc1 Kc7 57. f5 Nd8 58. Qf3 Nb7 59. Rc2 Qe8 60. Be2 Na5 61. Bb2 Ra4 62. Nf1 Ra2 63. Nd2 Nh7 64. Bd3 Nb7 65. Nb3 Qf7 66. Rf2 Qe8 67. Qd1 Nd8 68. Rgg2 R2a4 69. Bc3 Ra3 70. Kh2 Nb7 71. Rb2 Qf7 72. Qb1 g5 73. Be2 Be8 74. Qd1 Kb8 75. Bd2 Nd8 76. Kg1 R8a4 77. Rh2 Qg7 78. Kh1 Nf7 79. Be1 g4 80. Nc1 h5 81. Bd3 Nd8 82. Qd2 Nf8 83. Na2 Nd7 84. Nc3 Ra8 85. Re2 Nf7 86. Kg2 Qh6 87. Qc2 Qf8 88. Bd2 Qe7 89. Bc1 Qd8 90. Rb1 R3a5 91. Bb2 Qc7 92. Ree1 Qb7 93. Ra1 Rxa1 94. Bxa1 Kc7 95. Bb2 Nf8 96. Rb1 Bd7 97. Qc1 Ra5 98. Bc2 Qa8 99. Kg1 Bc8 100. Qd1 Bb7 101. Na4 Nd7 102. Bc3 Ra7 103. Ra1 Kb8 104. Ra3 Kc7 105. Qa1 Kb8 106. Kf2 Bc8 107. Ra2 Bb7 108. Bb3 Bc8 109. Qb1 Bb7 110. Bd2 Bc8 111. Nc3 Rxa2 112. Bxa2 Bb7 113. Bb3 Kc7 114. Na4 Qd8 115. Qc1 Qf8 116. Bc2 Kb8 117. Nc3 Kc7 118. Qa3 Qa8 119. Na4 Kb8 120. Ke1 Kc7 121. Kd1 Kc8 122. Kc1 Kb8 123. Kb2 Kc8 124. Qc3 Kc7 125. Bd1 Qd8 126. Qc2 Qf8 127. Kc3 Ba8 128. Be2 Bb7 129. Nb2 Ba8 130. Nd3 Bb7 131. Qa2 Qa8  1/2-1/2

[Event "Luebeck - Kreuzberg"]
[Site "Luebeck Media Docks"]
[Date "2002.12.14"]
[Round "5.6"]
[White "Conquest, Stuart"]
[Black "Kalinitschew, Sergey"]
[Result "1/2-1/2"]
[BlackElo "2487"]
[EventDate "2002.??.??"]
[PlyCount "133"]
[WhiteElo "2542"]

1. d4 d5 2. c4 e6 3. Nc3 Nf6 4. cxd5 exd5 5. Bg5 Bb4 6. e3 c6 7. Bd3 Qa5 8. Ne2 Ne4 9. Bxe4 dxe4 10. Bf4 O-O 11. a3 Bxc3+ 12. Nxc3 Be6 13. Qd2 Qf5 14. Qc2 Bd5 15. f3 Re8 16. O-O Qe6 17. fxe4 Bxe4 18. Nxe4 Qxe4 19. Qb3 Re7 20. Rf3 Qe6 21. Qc2 Nd7 22. Raf1 Rae8 23. Bg3 f6 24. Be1 Nb6 25. Bb4 Rd7 26. Rh3 Qe4 27. Qb3+ Nd5 28. Rg3 Rf7 29. Bd2 f5 30. Kh1 Re6 31. Rgf3 g5 32. Kg1 h5 33. R3f2 h4 34. h3 Kh7 35. Qd1 Kg6 36. Re1 Rff6 37. Qf3 Re7 38. Qxe4 Rxe4 39. Rfe2 Rfe6 40. Kf2 g4 41. Bc1 Re8 42. Bd2 Nf6 43. b4 R4e6 44. Bc1 Ne4+ 45. Kg1 a6 46. Rc2 Nf6 47. Rf2 Nd5 48. Ref1 Nc3 49. Rc2 Ne4 50. Rf4 Kg5 51. a4 Ra8 52. Rf1 g3 53. Rb2 Kg6 54. Rf4 Kg5 55. Kf1 b5 56. a5 Rh8 57. Rc2 Kg6 58. Bb2 Rh7 59. d5 cxd5 60. Bd4 Ng5 61. Rc8 Ne4 62. Ke2 Ree7 63. Rg8+ Kf7 64. Ra8 Kg6 65. Rg8+ Kf7 66. Ra8 Kg6 67. Rg8+  1/2-1/2

[Event "Plauen - Erfurt"]
[Site "BL 0203"]
[Date "2002.12.13"]
[Round "7.4"]
[White "Kindermann, Stefan"]
[Black "Casper, Thomas"]
[Result "1-0"]
[BlackElo "2401"]
[EventDate "2002.??.??"]
[PlyCount "87"]
[WhiteElo "2519"]

1. e4 e6 2. d4 d5 3. Nd2 c5 4. exd5 exd5 5. Ngf3 Nc6 6. Bb5 Bd6 7. O-O Ne7 8. dxc5 Bxc5 9. Nb3 Bb6 10. Re1 O-O 11. Be3 Bf5 12. c3 Be4 13. Nfd4 h6 14. Qh5 Qd6 15. a4 Nxd4 16. Bxd4 a6 17. Bf1 Rfe8 18. Re3 Bxd4 19. Nxd4 Nc6 20. Qd1 Bg6 21. Qd2 Rxe3 22. Qxe3 Nxd4 23. Qxd4 Re8 24. g3 Re4 25. Qd2 Qe6 26. f3 Qb6+ 27. Qf2 Re6 28. Qxb6 Rxb6 29. b4 d4 30. a5 Rd6 31. Rd1 d3 32. Kf2 Rc6 33. Bxd3 Rxc3 34. Bxg6 fxg6 35. Rd7 Rb3 36. Rxb7 g5 37. g4 Kh7 38. Rb6 Kg8 39. Ke2 Kh7 40. Kd2 Rxf3 41. Rxa6 Rf4 42. Kc3 Rxg4 43. Rd6 Rg2 44. Rd2  1-0